Radiation detectors noise spectroscopy = Šumova [i.e. Šumová] spektroskopie detektoru záření : short version of Ph.D. Thesis /

Hlavní autor: Andreev, Alexey, 1984-
Korporativní autor: Vysoké učení technické v Brně. Ústav fyziky
Jazyk: Angličtina
Vydáno: [Brno : University of Technology], c2008
Edice: Vědecké spisy Vysokého učení technického v Brně. PhD Thesis, sv. 496
Témata:
Fyzický popis: 31 s. : il. ; 21 cm
Language note: České resumé
Knihy
Uloženo v:
LEADER 02325nam a2200565 a 4500
001 nkc20081828298
003 CZ PrNK
005 20091030105353.0
007 ta
008 081031s2008 xr a f m 000 0 eng
015 |a cnb001828298 
020 |a 978-80-214-3775-3  |q (brož.) 
035 |a (OCoLC)465267329 
040 |a BOA001  |b cze 
041 0 |a eng  |b cze 
072 7 |a 534  |x Mechanické kmity. Akustika  |2 Konspekt  |9 6 
080 |a 539.1.074  |2 MRF 
080 |a 543.42  |2 MRF 
080 |a 534.322.3  |2 MRF 
080 |a (043.3)378.245  |2 MRF 
080 |a (048.3)  |2 MRF 
100 1 |a Andreev, Alexey,  |d 1984-  |7 mzk2009517570  |4 dis 
245 1 0 |a Radiation detectors noise spectroscopy =  |b Šumova [i.e. Šumová] spektroskopie detektoru záření : short version of Ph.D. Thesis /  |c Alexey Andreev 
246 3 1 |a Šumová spektroskopie detektoru záření 
260 |a [Brno :  |b University of Technology],  |c c2008 
300 |a 31 s. :  |b il. ;  |c 21 cm 
490 1 |a Vědecké spisy Vysokého učení technického v Brně. PhD Thesis,  |x 1213-4198 ;  |v sv. 496 
500 |a "Study field: Teleinformatika" 
500 |a Zkrácená verze disertace (Ph.D.)--Vysoké učení technické v Brně, Fakulta elektrotechniky a komunikačních technologií, Ústav fyziky, 2008 
504 |a Obsahuje bibliografii 
546 |a České resumé 
650 0 7 |a detektory ionizujícího záření  |7 ph119405  |2 czenas 
650 0 7 |a spektroskopie  |7 ph116234  |2 czenas 
650 0 7 |a šum  |7 ph290665  |2 czenas 
650 0 9 |a ionizing radiation detectors  |2 eczenas 
650 0 9 |a spectroscopy  |2 eczenas 
650 0 9 |a noise  |2 eczenas 
655 7 |a doktorské disertace  |7 fd186751  |2 czenas 
655 7 |a teze  |7 fd133701  |2 czenas 
655 9 |a higher doctoral dissertations  |2 eczenas 
655 9 |a abstracts  |2 eczenas 
710 2 |a Vysoké učení technické v Brně.  |b Ústav fyziky  |7 kn20020906023 
810 2 |a Vysoké učení technické v Brně.  |t Vědecké spisy.  |p PhD Thesis  |0 s 
910 2 |a BOA001  |b 2-1226.046 
928 9 |a Vysoké učení technické v Brně 
990 |a BK 
995 |a 01 
991 |b 200907  |c NOV 
996 6 |b 2610382995  |c 2-1226.046  |l MZK  |r Sklad / do 1 hodiny  |n 0  |p p.v.  |w 000945918  |u 000010  |a 1  |e BOA001  |j MZK50  |s P 
996 7 |b 2610382996  |c 2-1226.046  |l MZK  |r Sklad / do 1 hodiny  |n 0  |p p.v.  |w 000945918  |u 000020  |a 1  |e BOA001  |j MZK50  |s A